000 00479nam a2200169Ia 4500
008 240729s9999 xx 000 0 und d
022 _a2336-3517
245 0 _aCentral European Journal of Nursing and Midwifery
260 _aCzechia
260 _bUniversity of Ostrava
650 _a Gynecology and obstetrics
650 _a Nursing | Medicine
650 _aMedicine
856 _uhttps://doaj.org/toc/3556fbbe31774a52b06deb3276dedada
942 _2ddc
942 _cDOAJEJ
999 _c70132
_d70132
945 _a1
_bMadushi Gamage
_c1
_dMadushi Gamage